Normal view MARC view
  • Surveyors' Institution

Entry Corporate Name

Number of records used in: 3

001 - CONTROL NUMBER

  • control field: 4853

003 - CONTROL NUMBER IDENTIFIER

  • control field: SIRSI

005 - DATE AND TIME OF LATEST TRANSACTION

  • control field: 20190806150237.0

008 - FIXED-LENGTH DATA ELEMENTS

  • fixed length control field: 060110n| aaannaabn |n ana d

040 ## - CATALOGING SOURCE

  • Original cataloging agency: OSt
  • Transcribing agency: OSt

110 ## - HEADING--CORPORATE NAME

  • Corporate name or jurisdiction name as entry element: Surveyors' Institution
  • Subordinate unit: Incorporated Benevolent Fund

670 ## - SOURCE DATA FOUND

  • Source citation: Committee's report and balance sheet for the years1901-1906, 1906